000 00632nam a22002177a 4500
003 OSt
005 20240227132932.0
008 190516t xxu||||| |||| 00| 0 eng d
020 _a9780752547176
040 _c0
082 _a759.054
_bCUN 2001
100 1 _aCunnungham,Antonia
_9121532
245 1 0 _aImpressionists/
_cAntonia Cunningham
260 _bParragon;
_c2001.
300 _a256p.;
_bill:
_c17cm.
650 _aImpressionism (Art)
_9121505
650 _aImpressionist artists
_9121533
650 _aPainting, French
_9121504
942 _2ddc
_cBK
_aSADA
_k759.054 CUN 2001
999 _c608357
_d608357